| 000 | 01241nam a2200337 c 4500 | ||
|---|---|---|---|
| 999 |
_c488945 _d488945 |
||
| 003 | BLK | ||
| 005 | 20230321111348.0 | ||
| 008 | 180409b bul|||||r ||||||| ||bul|| | ||
| 020 | _a978-619-7324-02-0 | ||
| 040 | _aBLK | ||
| 041 |
_aBUL _cBUL |
||
| 080 |
_aБългарска литература _b821.163.2 _x-8 _z821.163.2-8 |
||
| 100 |
_aКънчева, Виолета _eпърви автор _9486343 |
||
| 139 |
_aКънчева, Виолета _bК 96 |
||
| 245 | 1 | 0 |
_aКлаустрофобии _cВиолета Кънчева |
| 257 | _aBGR | ||
| 260 |
_bАРТпринт _c2022 _9210163 _aШумен _n978-619-7324- ; 978-954-92209- ; 954-9754- |
||
| 300 |
_a40 с. _c20 см |
||
| 380 | _aX | ||
| 500 | _aПълната форма на името на авт. Виолета Кънчева е Виолета Кънчева Стефанова. | ||
| 852 | _aЦб 316222 | ||
| 856 | 4 |
_qpdf _i0.00 _ldisable |
|
| 856 | 4 |
_qpdf _i0.00 _ldisable |
|
| 942 |
_cKNG _n0 _s1 |
||
| 944 |
_aCR _c2023-03-14 _kнр |
||
| 999 | _d488945 | ||
| 999 | _d488945 | ||
| 999 | _d488945 | ||
| 999 | _d488944 | ||